Statystyki dla Skiny w LoLu

Kliknij tutaj aby rozwiązać quiz!

Ogólne statystyki

  • Ten quiz został rozwiązany 749 razy
  • Średni wynik to 18 z 31

Statystyki odpowiedzi

Project% Poprawnych
Lux
82%
Yasuo
81%
Ezreal
71%
Zed
71%
Master Yi
69%
Lulu
67%
Jinx
66%
Jinx
66%
Ahri
63%
Lucian
61%
Miss Fortune
61%
Soraka
61%
Fiora
59%
Pyke
58%
Katarina
57%
Ashe
56%
Ekko
55%
Akali
54%
Leona
54%
Jhin
52%
Syndra
50%
Vayne
50%
Vi
48%
Xayah
47%
Rakan
45%
Zoe
45%
Warwick
44%
Poppy
43%
Irelia
42%
Janna
41%
Neeko
36%

Rozkład punktacji

Percentyl według liczby udzielonych odpowiedzi

Procent ludzi z każdym wynikiem

Twoja historia wyników

Nie rozwiązałeś tego quizu